|
|
|
|
| LEADER |
01641nam a2200433 4500 |
| 001 |
000008083 |
| 003 |
4264 |
| 005 |
20120529150547.0 |
| 008 |
111013s2004 viesd |
| 020 |
|
|
|c 35000đ
|
| 041 |
0 |
|
|a vie
|
| 082 |
|
|
|a 495.9228
|b Gia
|
| 110 |
|
|
|a Trường đại học sư phạm
|b Đại học Đà Nẵng
|
| 245 |
1 |
0 |
|a Giáo trình tiếng Việt thực hành dành cho người nước ngoài
|n Tập 2
|
| 260 |
|
|
|a Tp.HCM
|b Đại học quốc gia
|c 2004
|
| 300 |
|
|
|a 257tr.
|c 24cm
|
| 500 |
|
|
|a Đầu trng tên sách ghi: Đại học Đà Nẵng
|
| 500 |
|
|
|a Trường đại học sư phạm
|
| 653 |
|
|
|a Giáo trình
|
| 653 |
|
|
|a Tiếng Việt
|
| 653 |
|
|
|a Thực hành
|
| 700 |
|
|
|a Nguyễn Phong Nam
|e Biên soạn
|
| 700 |
|
|
|a Cao Thị Thanh Bình
|e Biên soạn
|
| 700 |
|
|
|a Nguyễn Ngọc Chinh
|e Biên soạn
|
| 700 |
|
|
|a Nguyễn Thị Như Sanh
|e Biên soạn
|
| 700 |
|
|
|a Vũ Thị Thịnh
|e Biên soạn
|
| 710 |
|
|
|a Trường đại học sư phạm Đà Nẵng
|
| 773 |
|
|
|t Giáo trình tiếng Việt thực hành dành cho người nước ngoài
|w 4253
|
| 910 |
|
|
|a Lê Thị Hoài Thanh
|d 13/10/2011
|
| OWN |
|
|
|a LSP
|
| AVA |
|
|
|a UDN50
|b LSP
|d 495.9228 Gia
|e available
|t Error 5001 Not defined in file expand_doc_bib_avail.
|f 8
|g 0
|h N
|i 0
|k 1
|
| 999 |
|
|
|a From the UDN01
|
| AVA |
|
|
|a UDN50
|b LSP
|d 495.9228 Gia
|e available
|t Error 5001 Not defined in file expand_doc_bib_avail.
|f 8
|g 0
|h N
|i 0
|k 1
|
| TYP |
|
|
|a Monograph
|
| TYP |
|
|
|a Printed language
|
| 980 |
|
|
|a Mạng thư viện Đại học Đà Nẵng
|